Statistiques concernant Journée mondiale de... n°1

Cliquez ici pour prendre le quiz!

Statistiques générales

  • Ce quiz a été pris 7 fois
  • Le résultat moyen est 2 sur 8

Statistiques - réponses

DateJour du...% Correct
17 aoûtChat noir
100%
15 octobreLavage des mains
40%
9 juinBien-être
20%
9 aoûtPopulations autochtones
20%
13 févrierRadio
20%
22 maiMarin
0%
20 marsMoineau
0%
27 févrierOurs polaire
0%

Distribution des résultats

Percentile par nombre de réponses

% des personnes avec chaque résultat

Votre développement - résultats

Vous n’avez pas pris ce quiz